Countries That Start with U (with a map) - Statistics

General Stats
  • This quiz has been taken 1,771 times
  • The average score is 6 of 7
Answers on the Map
Answers color-coded by a green-red scale on the quiz's map according to % correct below.
 
Answer Stats
Hint Hint Country % Correct
377 86 United Kingdom
94%
453.1 256.6 Uganda
91%
254.9 370.2 Uruguay
91%
153 129 United States
90%
525 122.5 Uzbekistan
88%
502.0 182.5 United Arab Emirates
80%
450.6 96.0 Ukraine
79%
No matching quizzes found
Score Distribution
Percent of People with Each Score
Percentile by Number Answered
Your Score History
You have not taken this quiz